Normal view MARC view
  • Abdul Hannan Khan | Amal Mubashar

Entry Personal Name

Number of records used in: 3

001 - CONTROL NUMBER

  • control field: 5634

003 - CONTROL NUMBER IDENTIFIER

  • control field: NUST

005 - DATE AND TIME OF LATEST TRANSACTION

  • control field: 20171025120108.0

008 - FIXED-LENGTH DATA ELEMENTS

  • fixed length control field: 171025|| aca||aabn | a|a d

040 ## - CATALOGING SOURCE

  • Original cataloging agency: NUST
  • Transcribing agency: NUST

100 ## - HEADING--PERSONAL NAME

  • Personal name: Abdul Hannan Khan | Amal Mubashar

670 ## - SOURCE DATA FOUND

  • Source citation: Work cat.: (NUST): Abdul Hannan Khan | Amal Mubashar, Underwater imaging for fish fauna estimation, 2017
© 2023 Central Library, National University of Sciences and Technology. All Rights Reserved.